000 nam a22 7a 4500
999 _c28979
_d28979
008 170830b xxu||||| |||| 00| 0 eng d
020 _a0345383001
020 _a9780345383006
050 _aE185.96 .H35 1993
100 _aHaley, Alex
245 _aThe Playboy interviews /
_cAlex Haley; Murray Fisher
260 _aNew York :
_bBallantine Books,
_c©1993.
300 _axx, 503 p. :
_bill. ;
_c22 cm
650 _aAfrican Americans
_x Interviews.
650 _aBiography
_x20th century.
650 _aCelebrities
_xUnited States
700 _a Murray Fisher
942 _2lcc
_cBOOKS
_hE185.96 .H35 1993
_01